Textbook of Fluid Machines (Record no. 3558)

MARC details
000 -LEADER
fixed length control field 00333nam a2200145Ia 4500
008 - FIXED-LENGTH DATA ELEMENTS--GENERAL INFORMATION
fixed length control field 191201s2008 xx 000 0 und d
082 ## - DEWEY DECIMAL CLASSIFICATION NUMBER
Classification number 620.106
Item number RAT
100 ## - MAIN ENTRY--PERSONAL NAME
Personal name RATTAN, S S
245 #0 - TITLE STATEMENT
Title Textbook of Fluid Machines
250 ## - EDITION STATEMENT
Edition statement Rep.
260 ## - PUBLICATION, DISTRIBUTION, ETC. (IMPRINT)
Place of publication, distribution, etc N.Delhi
Name of publisher, distributor, etc TMH
Date of publication, distribution, etc 2008
300 ## - PHYSICAL DESCRIPTION
Extent 392
650 ## - SUBJECT ADDED ENTRY--TOPICAL TERM
Topical term or geographic name as entry element B.Tech(ME)
942 ## - ADDED ENTRY ELEMENTS (KOHA)
Source of classification or shelving scheme Dewey Decimal Classification
Koha item type Text Books
Holdings
Withdrawn status Lost status Source of classification or shelving scheme Damaged status Not for loan Collection code Home library Current library Date acquired Source of acquisition Cost, normal purchase price Bill Number Total Checkouts Full call number Acc. no. / Barcode Date last seen Bill Date Koha item type
    Dewey Decimal Classification     B.Tech(ME) PIET C-LIBRARY PIET C-LIBRARY 04/10/2008 J B C, New Delhi 74.00 S1-2560   620.106 RAT 9732 04/12/2019 21/08/2008 Text Books
    Dewey Decimal Classification     B.Tech(ME) PIET C-LIBRARY PIET C-LIBRARY 04/10/2008 J B C, New Delhi 74.00 S1-2560   620.106 RAT 9733 04/12/2019 21/08/2008 Text Books
    Dewey Decimal Classification     B.Tech(ME) PIET C-LIBRARY PIET C-LIBRARY 04/10/2008 J B C, New Delhi 74.00 S1-2560   620.106 RAT 9734 04/12/2019 21/08/2008 Text Books
    Dewey Decimal Classification     B.Tech(ME) PIET C-LIBRARY PIET C-LIBRARY 04/10/2008 J B C, New Delhi 74.00 S1-2560   620.106 RAT 9735 04/12/2019 21/08/2008 Text Books
    Dewey Decimal Classification     B.Tech(ME) PIET C-LIBRARY PIET C-LIBRARY 04/10/2008 J B C, New Delhi 74.00 S1-2560   620.106 RAT 9736 04/12/2019 21/08/2008 Text Books
    Dewey Decimal Classification     B.Tech(ME) PIET C-LIBRARY PIET C-LIBRARY 04/10/2008 J B C, New Delhi 74.00 S1-2560   620.106 RAT 9737 04/12/2019 21/08/2008 Text Books
    Dewey Decimal Classification     B.Tech(ME) PIET C-LIBRARY PIET C-LIBRARY 04/10/2008 J B C, New Delhi 74.00 S1-2560   620.106 RAT 9738 04/12/2019 21/08/2008 Text Books
    Dewey Decimal Classification     B.Tech(ME) PIET C-LIBRARY PIET C-LIBRARY 04/10/2008 J B C, New Delhi 74.00 S1-2560   620.106 RAT 9739 04/12/2019 21/08/2008 Text Books

Design & Developed by: PIET Central Library
R70 Miles Stone Pattikalyana Samalkha Panipat 132102
mail ID :- [email protected], Phone No:- 0180-2569700 Ex.216